Normal view
MARC view
Entry Personal Name
001 - CONTROL NUMBER
- control field: 61626
003 - CONTROL NUMBER IDENTIFIER
- control field: dpl
005 - DATE AND TIME OF LATEST TRANSACTION
- control field: 20240202155615.0
008 - FIXED-LENGTH DATA ELEMENTS
- fixed length control field: 240202|| aca||aabn | a|a d
040 ## - CATALOGING SOURCE
- Original cataloging agency: dpl
- Transcribing agency: dpl
100 ## - HEADING--PERSONAL NAME
- Personal name: कन्हैया सिंह
670 ## - SOURCE DATA FOUND
- Source citation: Work cat.: (dpl)200541: कन्हैया सिंह , आलोचना के प्रत्यय;इतिहास और विमर्श /, 2023
